[Event "X Festival Magistrale"]
[Site "Robecchetto con Induno ITA"]
[Date "1997.06.26"]
[Round "1"]
[White "Berra, Davide"]
[Black "Genovese, Maurizio"]
[Result "1-0"]
[WhiteElo "1986"]
[BlackElo "2275"]
[PlyCount "107"]
[EventDate "1997.06.26"]

1. d4 Nf6 2. Nf3 d5 3. Bg5 Ne4 4. Bf4 c5 5. c3 Nc6 6. e3 Qb6 7. Qb3 c4 8. Qxb6
axb6 9. Nbd2 Bf5 10. Nxe4 Bxe4 11. Nd2 Bg6 12. Be2 e6 13. O-O b5 14. a3 Be7 15.
Bf3 Bd3 16. Rfe1 f5 17. Rac1 g5 18. Be5 Rf8 19. Be2 Bxe2 20. Rxe2 g4 21. f4 Kd7
22. g3 h5 23. Rg2 Na7 24. Nb1 Nc8 25. Nd2 Nb6 26. Nb1 Kc6 27. Kf1 Nd7 28. Ke2
h4 29. Rgg1 hxg3 30. hxg3 Nxe5 31. dxe5 Rh8 32. Rh1 Kb6 33. Kf2 Ka5 34. Nd2 Ka4
35. Rcd1 Rh3 36. Rxh3 gxh3 37. Rh1 Rh8 38. Rh2 Bxa3 39. bxa3 Kxa3 40. Nf3 b4
41. cxb4 Kxb4 42. Nd4 c3 43. Kf3 Kc4 44. g4 fxg4+ 45. Kxg4 b5 46. Rxh3 Rg8+ 47.
Kf3 b4 48. Rh7 Rb8 49. Ke2 b3 50. Rc7+ Kb4 51. Nc6+ Ka3 52. Nxb8 b2 53. Rxc3+
Ka4 54. Rc7 1-0

[Event "X Festival Magistrale"]
[Site "Robecchetto con Induno ITA"]
[Date "1997.06.26"]
[Round "1"]
[White "Fadali, Mustafa"]
[Black "Barlocco, Carlo"]
[Result "1/2-1/2"]
[WhiteElo "1918"]
[BlackElo "2150"]
[PlyCount "147"]
[EventDate "1997.06.26"]

1. Nf3 d5 2. d4 c6 3. c4 Nf6 4. Nc3 a6 5. e3 b5 6. cxb5 cxb5 7. a3 Bg4 8. Be2
e6 9. O-O Nc6 10. b4 Rc8 11. Qb3 Ne4 12. Nxb5 axb5 13. Bxb5 Bxf3 14. gxf3 Nd6
15. Bd3 Be7 16. Kh1 O-O 17. Bd2 Bh4 18. a4 Rb8 19. Qc2 Nxb4 20. Bxh7+ Kh8 21.
Bxb4 Rxb4 22. Bd3 Qb8 23. Rab1 Rc8 24. Qe2 g6 25. e4 Nc4 26. e5 Qb6 27. Rxb4
Qxb4 28. f4 Qc3 29. f5 Qxd4 30. fxg6 fxg6 31. Bxg6 Qxe5 32. Qg4 Qf6 33. Qh5+
Kg7 34. Qh7+ Kf8 35. f4 Ne5 36. Qh6+ Ke7 37. Qh7+ Kd8 38. Qg8+ Kc7 39. Qh7+ Kc6
40. Rc1+ Nc4 41. Be4 Qd4 42. Bg2 Qxf4 43. Rf1 Bf2 44. Qc2 Rh8 45. h3 Rf8 46.
Rxf2 Qxf2 47. Qxc4+ Qc5 48. Qa6+ Qb6 49. Qc4+ Kb7 50. Qg4 Qb1+ 51. Kh2 Rf5 52.
Qg7+ Kc6 53. Qe7 Qb8+ 54. Kg1 Re5 55. Qh4 Re2 56. Qc4+ Kd7 57. Qxe2 Qb1+ 58.
Kh2 Qb8+ 59. Kh1 Qb1+ 60. Kh2 Ke7 61. Qb5 Qa1 62. Qc5+ Kf6 63. Qf2+ Kg7 64.
Qg3+ Kf7 65. Qf4+ Ke8 66. Qb8+ Kd7 67. Qa7+ Kd6 68. Qb6+ Ke7 69. Qc7+ Kf8 70.
Qf4+ Ke8 71. Qb8+ Kd7 72. Qa7+ Kc6 73. Qa6+ Kc5 74. Qxe6 1/2-1/2

[Event "X Festival Magistrale"]
[Site "Robecchetto con Induno ITA"]
[Date "1997.06.26"]
[Round "1"]
[White "Jurkovic, Ante"]
[Black "Castaldo, Folco"]
[Result "1-0"]
[WhiteElo "2320"]
[BlackElo "1987"]
[PlyCount "45"]
[EventDate "1997.06.26"]

1. e4 g6 2. d4 Bg7 3. Nc3 c6 4. Bc4 d5 5. exd5 b5 6. Bb3 b4 7. Na4 cxd5 8. Nf3
Nf6 9. O-O O-O 10. a3 bxa3 11. Rxa3 Bb7 12. Nc5 Bc6 13. Ne5 Bb5 14. Re1 e6 15.
Bg5 h6 16. Bh4 Nc6 17. c3 Na5 18. Ba4 a6 19. Bxb5 axb5 20. Ned7 Re8 21. Bxf6
Bxf6 22. b4 Bg7 23. bxa5 1-0

[Event "X Festival Magistrale"]
[Site "Robecchetto con Induno ITA"]
[Date "1997.06.26"]
[Round "1"]
[White "Nurkic, Sahbaz"]
[Black "Colombo, Alberto"]
[Result "1-0"]
[WhiteElo "2395"]
[BlackElo "2100"]
[PlyCount "123"]
[EventDate "1997.06.26"]

1. e4 e6 2. d4 d5 3. Nd2 dxe4 4. Nxe4 Bd7 5. Nf3 Bc6 6. Bd3 Bxe4 7. Bxe4 c6 8.
O-O Nf6 9. Bd3 Nbd7 10. Re1 Be7 11. c4 O-O 12. Qe2 Re8 13. Bf4 Nf8 14. Rad1 Qc8
15. Qc2 Rd8 16. h3 Ng6 17. Bg5 Qc7 18. Ne5 c5 19. Bxg6 hxg6 20. Bf4 Qc8 21. d5
exd5 22. Nxg6 Bf8 23. Nxf8 Kxf8 24. Be5 Qc6 25. Bxf6 Qxf6 26. cxd5 b6 27. Rd3
Qg6 28. Qc3 Rd6 29. Re5 f6 30. Re1 Rad8 31. Qc4 Qf5 32. Red1 Qe5 33. b3 Qe2 34.
R3d2 Qh5 35. Qf4 b5 36. a4 a6 37. axb5 axb5 38. b4 c4 39. Qd4 Rxd5 40. Qxd5
Rxd5 41. Rxd5 Qe2 42. R5d2 Qe5 43. g3 Kf7 44. Rd5 Qe2 45. R5d2 Qe5 46. Rd5 Qe2
47. Ra1 c3 48. Rc5 c2 49. Ra7+ Kg6 50. Rac7 Qe1+ 51. Kg2 Qe4+ 52. Kh2 c1=Q 53.
Rxc1 Qxb4 54. R1c2 Qe4 55. R7c3 Qb4 56. Re3 Qb1 57. Rcc3 Qd1 58. Rb3 Qf1 59.
Rf3 f5 60. Rb2 Qc1 61. Rfb3 f4 62. Rxb5 1-0

[Event "X Festival Magistrale"]
[Site "Robecchetto con Induno ITA"]
[Date "1997.06.26"]
[Round "1"]
[White "Pace, Roberto"]
[Black "Ranieri, Fabrizio"]
[Result "0-1"]
[WhiteElo "1887"]
[BlackElo "2125"]
[PlyCount "64"]
[EventDate "1997.06.26"]

1. e4 e6 2. Qe2 c5 3. Nf3 Be7 4. g3 d5 5. d3 Nf6 6. Bg2 O-O 7. O-O Nc6 8. Bg5
b5 9. Rd1 Qb6 10. c3 Bb7 11. e5 Nd7 12. Bxe7 Nxe7 13. d4 a5 14. Nbd2 Ba6 15.
Qe3 b4 16. Nf1 Rac8 17. g4 cxd4 18. cxd4 Rc2 19. Ng3 Rfc8 20. Qg5 Ng6 21. h4
Rxb2 22. h5 h6 23. Qe3 Rc3 24. Qe1 Nf4 25. g5 Ne2+ 26. Kh2 Nxg3 27. Kxg3 Qd8
28. Rd2 Qxg5+ 29. Kh2 Qf4+ 30. Kh1 Rxd2 31. Nxd2 Qxd4 32. Nf3 Qf4 0-1

[Event "X Festival Magistrale"]
[Site "Robecchetto con Induno ITA"]
[Date "1997.06.26"]
[Round "1"]
[White "Pinto, Mark"]
[Black "Orsi, Massimiliano"]
[Result "1-0"]
[WhiteElo "2195"]
[BlackElo "1948"]
[PlyCount "59"]
[EventDate "1997.06.26"]

1. e4 e5 2. Nf3 Nc6 3. d4 exd4 4. Bc4 Nf6 5. e5 Ng4 6. Qe2 Be7 7. h3 Nh6 8. O-O
O-O 9. Bxh6 gxh6 10. Nbd2 d5 11. Bb5 Qd7 12. Rfe1 Qf5 13. Bxc6 bxc6 14. Nxd4
Qg6 15. e6 c5 16. Nc6 Bd6 17. e7 Re8 18. Qf3 Be6 19. c4 d4 20. Ne4 Qf5 21. Nf6+
Kg7 22. Nxe8+ Rxe8 23. Qxf5 Bxf5 24. Nxa7 d3 25. Rad1 Kf6 26. Nb5 Be5 27. g4
Bg6 28. h4 h5 29. g5+ Kf5 30. Rxd3 1-0

[Event "X Festival Magistrale"]
[Site "Robecchetto con Induno ITA"]
[Date "1997.06.26"]
[Round "1"]
[White "Scotti, Umberto"]
[Black "Griffa, Roberto"]
[Result "1/2-1/2"]
[WhiteElo "2130"]
[BlackElo "1917"]
[PlyCount "80"]
[EventDate "1997.06.26"]

1. e4 d6 2. d4 Nf6 3. Nc3 c6 4. Nf3 Bg4 5. Be3 e6 6. Be2 d5 7. e5 Nfd7 8. O-O
Be7 9. h3 Bh5 10. Ne1 Bxe2 11. Qxe2 O-O 12. Nd3 c5 13. Qg4 Re8 14. Ne2 cxd4 15.
Nxd4 Nc6 16. f4 Bf8 17. Rae1 Nxd4 18. Bxd4 Qc7 19. c3 g6 20. Re3 Bg7 21. h4 h5
22. Qe2 Qd8 23. Rh3 f5 24. exf6 Bxf6 25. Ne5 Nxe5 26. fxe5 Bxh4 27. g4 Qg5 28.
Be3 Qxe5 29. Qd3 g5 30. Qg6+ Qg7 31. Qxh5 Rf8 32. Rhf3 b6 33. a4 Rxf3 34. Rxf3
Rf8 35. Rxf8+ Kxf8 36. a5 Qe5 37. Bd4 Qg3+ 38. Kf1 Qe1+ 39. Kg2 Qe2+ 40. Kg1
Qe1+ 1/2-1/2

[Event "X Festival Magistrale"]
[Site "Robecchetto con Induno ITA"]
[Date "1997.06.26"]
[Round "1"]
[White "Sgnaolin, Davide"]
[Black "Qendro, Llambi"]
[Result "1/2-1/2"]
[WhiteElo "2065"]
[BlackElo "2335"]
[PlyCount "33"]
[EventDate "1997.06.26"]

1. e4 g6 2. d4 Bg7 3. Nf3 c6 4. c3 d5 5. Nbd2 Nd7 6. Bd3 dxe4 7. Nxe4 Ngf6 8.
O-O Nxe4 9. Bxe4 O-O 10. h3 Nf6 11. Bd3 b6 12. Bf4 Bb7 13. Qe2 e6 14. a4 Nh5
15. Be5 c5 16. Be4 Bxe4 17. Qxe4 1/2-1/2

[Event "X Festival Magistrale"]
[Site "Robecchetto con Induno ITA"]
[Date "1997.06.27"]
[Round "2"]
[White "Barlocco, Carlo"]
[Black "Scotti, Umberto"]
[Result "1-0"]
[WhiteElo "2150"]
[BlackElo "2130"]
[PlyCount "108"]
[EventDate "1997.06.26"]

1. Nf3 Nc6 2. d4 d5 3. g3 Nf6 4. Bg2 Bf5 5. O-O e6 6. c4 Be7 7. Nc3 O-O 8. cxd5
exd5 9. Bf4 h6 10. Rc1 Ne4 11. Qb3 Nxc3 12. Rxc3 Rb8 13. Rd1 Be4 14. Ne5 Bxg2
15. Kxg2 g5 16. Be3 Na5 17. Qa4 c6 18. b4 Nc4 19. Nxc4 dxc4 20. a3 Qd7 21. d5
b5 22. Qxa7 Qxa7 23. Bxa7 Rbd8 24. e4 Rd7 25. Bb6 Rb8 26. Ba5 cxd5 27. exd5 Bd8
28. Kf3 Bf6 29. Rc2 Re8 30. d6 Re6 31. Bc7 Be5 32. Rd5 Bxd6 33. Bxd6 Rdxd6 34.
Rxb5 Rd3+ 35. Kg2 Rxa3 36. Rxc4 Rb3 37. Rf5 Rb6 38. Rc7 R3xb4 39. Rfxf7 Re6 40.
Rfd7 Rf6 41. Rd8+ Rf8 42. Rd6 Rb2 43. Rg6+ Kh8 44. Rxh6+ Kg8 45. Ra6 Rfxf2+ 46.
Kh3 Rxh2+ 47. Kg4 Rhf2 48. Ra8+ Rf8 49. Raa7 Rb4+ 50. Kh5 Rf1 51. Rc6 Rf7 52.
Kg6 Rf8 53. Rg7+ Kh8 54. Kh6 Rb1 1-0

[Event "X Festival Magistrale"]
[Site "Robecchetto con Induno ITA"]
[Date "1997.06.27"]
[Round "2"]
[White "Castaldo, Folco"]
[Black "Pace, Roberto"]
[Result "1-0"]
[WhiteElo "1987"]
[BlackElo "1887"]
[PlyCount "73"]
[EventDate "1997.06.26"]

1. e4 e5 2. Nf3 d6 3. d4 Nd7 4. Bc4 c6 5. O-O Be7 6. Nc3 Ngf6 7. a4 O-O 8. dxe5
dxe5 9. Qe2 Qc7 10. Rd1 Nc5 11. b4 Ne6 12. Na2 Nf4 13. Bxf4 exf4 14. e5 Nd5 15.
Bxd5 cxd5 16. Rxd5 Qc6 17. c4 Qxa4 18. Ra5 Qc6 19. Nd4 Qg6 20. Qf3 Bd8 21. Rd5
Bg5 22. Rd1 Bh6 23. h3 a5 24. bxa5 Qa6 25. Qc3 Be6 26. Nb4 Qa7 27. Nxe6 fxe6
28. Rb5 Rad8 29. Qf3 Qa8 30. Rd6 Qc8 31. c5 Rf7 32. Rxd8+ Qxd8 33. c6 bxc6 34.
Nxc6 Qc7 35. Rb8+ Rf8 36. Rxf8+ Kxf8 37. Qa3+ 1-0

[Event "X Festival Magistrale"]
[Site "Robecchetto con Induno ITA"]
[Date "1997.06.27"]
[Round "2"]
[White "Colombo, Alberto"]
[Black "Orsi, Massimiliano"]
[Result "1-0"]
[WhiteElo "2100"]
[BlackElo "1948"]
[PlyCount "39"]
[EventDate "1997.06.26"]

1. d4 d5 2. Nf3 Nf6 3. Bg5 Ne4 4. Bf4 e6 5. Nbd2 Be7 6. e3 b6 7. Bb5+ Kf8 8.
Ne5 Bb7 9. Qh5 g6 10. Bh6+ Kg8 11. Qf3 Bf6 12. O-O-O Qe7 13. h4 Bg7 14. Bxg7
Kxg7 15. h5 f6 16. Ng4 Ng5 17. Qf4 Nc6 18. h6+ Kf8 19. Nxf6 Nf7 20. Nf3 1-0

[Event "X Festival Magistrale"]
[Site "Robecchetto con Induno ITA"]
[Date "1997.06.27"]
[Round "2"]
[White "Genovese, Maurizio"]
[Black "Fadali, Mustafa"]
[Result "0-1"]
[WhiteElo "2275"]
[BlackElo "1918"]
[PlyCount "68"]
[EventDate "1997.06.26"]

1. d4 d5 2. c4 c6 3. Nf3 Nf6 4. Nc3 Bf5 5. Qb3 b6 6. Bf4 e6 7. e3 Bd6 8. Ne5
O-O 9. Be2 Ne4 10. Nxe4 Bxe4 11. f3 dxc4 12. Bxc4 Bd5 13. O-O f6 14. Nd3 Bxf4
15. Nxf4 Qd6 16. Qc2 Nd7 17. Bd3 f5 18. Ne2 c5 19. Rad1 c4 20. Bxc4 Rac8 21. b3
b5 22. e4 Bb7 23. Ng3 fxe4 24. fxe4 Rxf1+ 25. Nxf1 bxc4 26. bxc4 Qf4 27. Ng3
Qe3+ 28. Kh1 Nf6 29. d5 Ng4 30. Rf1 Qh6 31. h3 Ne3 32. Qb3 Nxf1 33. Nxf1 Qc1
34. Kg1 Rf8 0-1

[Event "X Festival Magistrale"]
[Site "Robecchetto con Induno ITA"]
[Date "1997.06.27"]
[Round "2"]
[White "Griffa, Roberto"]
[Black "Sgnaolin, Davide"]
[Result "0-1"]
[WhiteElo "1917"]
[BlackElo "2065"]
[PlyCount "70"]
[EventDate "1997.06.26"]

1. d4 d5 2. Nf3 Nf6 3. Bf4 e6 4. e3 Be7 5. Bd3 Nbd7 6. Nbd2 b6 7. c3 Bb7 8. Ne5
Nxe5 9. Bxe5 Bd6 10. f4 Qe7 11. Qf3 O-O-O 12. b4 Ne8 13. Bxd6 Nxd6 14. a4 f6
15. a5 e5 16. axb6 axb6 17. O-O e4 18. Qh3+ f5 19. Be2 g5 20. g3 h5 21. c4 g4
22. Qg2 dxc4 23. Nxc4 Nxc4 24. Bxc4 Rh6 25. Qa2 h4 26. Ba6 c6 27. Bxb7+ Qxb7
28. Qa8+ Kc7 29. Qxb7+ Kxb7 30. Kg2 hxg3 31. hxg3 Rdh8 32. Rg1 Rh2+ 33. Kf1 Rb2
34. d5 cxd5 35. Rd1 Rhh2 0-1

[Event "X Festival Magistrale"]
[Site "Robecchetto con Induno ITA"]
[Date "1997.06.27"]
[Round "2"]
[White "Pinto, Mark"]
[Black "Nurkic, Sahbaz"]
[Result "0-1"]
[WhiteElo "2195"]
[BlackElo "2395"]
[PlyCount "78"]
[EventDate "1997.06.26"]

1. e4 g6 2. Nc3 Bg7 3. f4 c6 4. Nf3 d5 5. d3 d4 6. Ne2 c5 7. g3 Nc6 8. Bg2 Nf6
9. h3 e5 10. O-O O-O 11. Bd2 a6 12. a4 b6 13. Qe1 Ne8 14. g4 exf4 15. Nxf4 Nc7
16. Qg3 Be6 17. h4 Qd7 18. Bh3 Qd6 19. Kg2 b5 20. Nxe6 Qxg3+ 21. Kxg3 Nxe6 22.
axb5 axb5 23. h5 c4 24. h6 Bf6 25. g5 Be7 26. dxc4 bxc4 27. Bf4 Nc5 28. Rae1
Ra2 29. Bc1 Bd8 30. e5 Re8 31. Kf4 Bc7 32. Rf2 Ba5 33. Rd1 Ra1 34. Rff1 d3 35.
c3 Bc7 36. Rfe1 Nxe5 37. Nxe5 Rxc1 38. Rxc1 d2 39. Kf3 dxc1=Q 0-1

[Event "X Festival Magistrale"]
[Site "Robecchetto con Induno ITA"]
[Date "1997.06.27"]
[Round "2"]
[White "Qendro, Llambi"]
[Black "Berra, Davide"]
[Result "1/2-1/2"]
[WhiteElo "2335"]
[BlackElo "1986"]
[PlyCount "35"]
[EventDate "1997.06.26"]

1. d4 e6 2. c4 f5 3. g3 Nf6 4. Bg2 d5 5. Nc3 c6 6. Nf3 Bd6 7. O-O O-O 8. b3 Qe7
9. Bf4 Bxf4 10. gxf4 b6 11. Ne5 Bb7 12. Qd3 Ne4 13. Nxe4 fxe4 14. Qe3 Nd7 15.
Nxd7 Qxd7 16. f3 exf3 17. Bxf3 Rf6 18. Rf2 1/2-1/2

[Event "X Festival Magistrale"]
[Site "Robecchetto con Induno ITA"]
[Date "1997.06.27"]
[Round "2"]
[White "Ranieri, Fabrizio"]
[Black "Jurkovic, Ante"]
[Result "0-1"]
[WhiteElo "2125"]
[BlackElo "2320"]
[PlyCount "50"]
[EventDate "1997.06.26"]

1. e4 e6 2. d4 d5 3. Nc3 Nf6 4. e5 Nfd7 5. f4 c5 6. Nf3 Nc6 7. Be3 a6 8. Qd2 b5
9. O-O-O c4 10. Ne2 b4 11. c3 Qa5 12. Kb1 Rb8 13. cxb4 Bxb4 14. Qc1 Nb6 15. Ka1
Bd7 16. Nc3 Na4 17. Bd2 O-O 18. Qc2 Bxc3 19. Bxc3 Nb4 20. Bxb4 Rxb4 21. Ng5 g6
22. Rb1 Rfb8 23. Be2 Rxb2 24. Rxb2 Rxb2 25. Qxb2 Nxb2 0-1

[Event "X Festival Magistrale"]
[Site "Robecchetto con Induno ITA"]
[Date "1997.06.28"]
[Round "3"]
[White "Berra, Davide"]
[Black "Barlocco, Carlo"]
[Result "1-0"]
[WhiteElo "1986"]
[BlackElo "2150"]
[PlyCount "117"]
[EventDate "1997.06.26"]

1. d4 d5 2. Nf3 c6 3. Bg5 h6 4. Bf4 Nf6 5. c3 Bf5 6. Qb3 Qb6 7. Nbd2 Nbd7 8. h3
e6 9. e3 Be7 10. Be2 O-O 11. O-O Ne4 12. Nxe4 Bxe4 13. Nd2 Nf6 14. Be5 Bg6 15.
Rfe1 Rfc8 16. Bf3 Nd7 17. Bf4 c5 18. Qxb6 Nxb6 19. a4 cxd4 20. exd4 Kf8 21. a5
Nc4 22. Nxc4 Rxc4 23. a6 b6 24. Be2 Rcc8 25. Bb5 Bc2 26. Bd7 Rd8 27. Bb5 Rac8
28. Rec1 Bb3 29. f3 Bc4 30. Ba4 b5 31. Bc2 b4 32. cxb4 Bxb4 33. Bd1 Bb5 34. Bc7
Re8 35. Ba4 Bxa4 36. Rxa4 Be7 37. b4 Kg8 38. Bf4 Rxc1+ 39. Bxc1 Rc8 40. Bf4 f6
41. b5 g5 42. Bg3 Bd8 43. Bd6 Bb6 44. Bc5 Rb8 45. Bd6 Rc8 46. Bc5 Rxc5 47. dxc5
Bxc5+ 48. Kf1 Kf7 49. Ra2 Ke7 50. g4 Kd6 51. Ke2 Kc7 52. Kd3 Kb6 53. Rb2 e5 54.
Rb1 Ka5 55. h4 Bb4 56. Rxb4 Kxb4 57. b6 axb6 58. a7 gxh4 59. a8=Q 1-0

[Event "X Festival Magistrale"]
[Site "Robecchetto con Induno ITA"]
[Date "1997.06.28"]
[Round "3"]
[White "Castaldo, Folco"]
[Black "Ranieri, Fabrizio"]
[Result "0-1"]
[WhiteElo "1987"]
[BlackElo "2125"]
[PlyCount "62"]
[EventDate "1997.06.26"]

1. e4 e6 2. d4 d5 3. Nd2 Nf6 4. e5 Nfd7 5. Bd3 c5 6. c3 Nc6 7. Ne2 cxd4 8. cxd4
f6 9. exf6 Nxf6 10. Nf3 Bd6 11. O-O O-O 12. Bg5 Qe8 13. Re1 Ng4 14. h3 e5 15.
hxg4 e4 16. Nc3 Bxg4 17. Nxd5 Bxf3 18. gxf3 Qg6 19. Bxe4 Qxg5+ 20. Kf1 Rae8 21.
Qd3 Qh5 22. Ne3 Rf4 23. Nd5 Qh3+ 24. Ke2 Rxf3 25. Ne3 Ref8 26. Rh1 Rxf2+ 27.
Kd1 Rh2 28. Rg1 Bf4 29. Qb3+ Kh8 30. Qxb7 Bh6 31. Nf5 Qh5+ 0-1

[Event "X Festival Magistrale"]
[Site "Robecchetto con Induno ITA"]
[Date "1997.06.28"]
[Round "3"]
[White "Colombo, Alberto"]
[Black "Qendro, Llambi"]
[Result "0-1"]
[WhiteElo "2100"]
[BlackElo "2335"]
[PlyCount "106"]
[EventDate "1997.06.26"]

1. d4 g6 2. e4 Bg7 3. c3 d5 4. exd5 Qxd5 5. Nf3 Nf6 6. Be2 O-O 7. O-O c6 8. Bf4
Bg4 9. Nbd2 Nbd7 10. h3 Bxf3 11. Bxf3 Qf5 12. Bg3 e5 13. dxe5 Nxe5 14. Bxe5
Qxe5 15. Qb3 Qc7 16. Rfe1 Rfe8 17. a4 Nd7 18. Nc4 Nc5 19. Qc2 Qf4 20. Ne3 a5
21. Red1 Rad8 22. Rxd8 Rxd8 23. Rd1 Rxd1+ 24. Bxd1 h5 25. g3 Qe5 26. h4 Qe6 27.
Kg2 Bh6 28. Qd2 Bxe3 29. Qxe3 Qd5+ 30. Bf3 Qd6 31. Qg5 Kh7 32. Kh2 Nxa4 33.
Qxa5 Nxb2 34. Qa2 Qf6 35. Bxc6 Qxf2+ 36. Bg2 b6 37. Qd5 Kg7 38. Qa2 Nd1 39.
Qxf2 Nxf2 40. Bf3 Nd3 41. Kg1 Nc5 42. Kf2 Na4 43. c4 Nb2 44. Be2 Kf6 45. Ke3
Ke5 46. Bf1 f5 47. Be2 Na4 48. Bf3 Nc3 49. Bc6 Ne4 50. Kf3 Nd2+ 51. Ke2 Nxc4
52. Be8 Kf6 53. Kd3 Nd6 0-1

[Event "X Festival Magistrale"]
[Site "Robecchetto con Induno ITA"]
[Date "1997.06.28"]
[Round "3"]
[White "Orsi, Massimiliano"]
[Black "Griffa, Roberto"]
[Result "0-1"]
[WhiteElo "1948"]
[BlackElo "1917"]
[PlyCount "84"]
[EventDate "1997.06.26"]

1. e4 d5 2. exd5 Qxd5 3. Nc3 Qa5 4. Nf3 Nf6 5. Bc4 Bg4 6. h3 Bh5 7. g4 Bg6 8.
d3 c6 9. Bd2 Qc7 10. Qe2 Nbd7 11. Nh4 e6 12. f4 Be7 13. Ng2 Nb6 14. Bb3 O-O-O
15. O-O-O Nfd5 16. Rhf1 Qd7 17. Qf2 f6 18. a4 Kb8 19. Ne4 h6 20. Ne3 Rhe8 21.
f5 Bf7 22. a5 Nxe3 23. Bxe3 Nc8 24. Rde1 Bb4 25. Bd2 Bxd2+ 26. Qxd2 b6 27. axb6
axb6 28. Qb4 e5 29. Nc5 Qe7 30. Bxf7 Qxf7 31. Ne6 Rd5 32. Kd2 Qe7 33. Qa4 Qb7
34. Ra1 Re7 35. Ra2 Ra5 36. Qb3 Rxa2 37. Qxa2 c5 38. Ra1 Qg2+ 39. Kc3 Ra7 40.
Qb1 Qxh3 41. Rxa7 Nxa7 42. Qa2 Qxg4 0-1

[Event "X Festival Magistrale"]
[Site "Robecchetto con Induno ITA"]
[Date "1997.06.28"]
[Round "3"]
[White "Sgnaolin, Davide"]
[Black "Fadali, Mustafa"]
[Result "1/2-1/2"]
[WhiteElo "2065"]
[BlackElo "1918"]
[PlyCount "90"]
[EventDate "1997.06.26"]

1. e4 c5 2. Nf3 e6 3. Nc3 a6 4. d4 cxd4 5. Nxd4 Qc7 6. g3 Bb4 7. Nde2 Nf6 8.
Bg2 d5 9. O-O dxe4 10. Nxe4 Nxe4 11. Bxe4 Nc6 12. c3 Bc5 13. Nd4 Bd7 14. b4
Nxd4 15. cxd4 Bd6 16. Be3 Bb5 17. Rc1 Qe7 18. Qf3 Rb8 19. Rfd1 f5 20. Bxb7 O-O
21. Bc6 Bxb4 22. a4 Bxc6 23. Rxc6 a5 24. Bf4 Rbd8 25. Rc7 Rd7 26. Rdc1 Bd6 27.
Bxd6 Qxd6 28. Rxd7 Qxd7 29. Qe2 Re8 30. Qe5 Re7 31. Qxa5 Qxd4 32. Qb5 h6 33. a5
Kh7 34. Qb6 e5 35. Rb1 Rd7 36. Qc6 Rd6 37. Qc8 Qe4 38. Rc1 Qf3 39. Qc2 h5 40.
Ra1 h4 41. Qc4 Rd7 42. Qxh4+ Kg6 43. Rf1 e4 44. a6 e3 45. g4 e2 1/2-1/2

[Event "X Festival Magistrale"]
[Site "Robecchetto con Induno ITA"]
[Date "1997.06.28"]
[Round "4"]
[White "Barlocco, Carlo"]
[Black "Griffa, Roberto"]
[Result "1-0"]
[WhiteElo "2150"]
[BlackElo "1917"]
[PlyCount "47"]
[EventDate "1997.06.26"]

1. d4 d5 2. Nf3 Nf6 3. Bg5 Ne4 4. Bf4 c5 5. Nc3 Qa5 6. Bd2 Nxd2 7. Qxd2 e6 8.
O-O-O c4 9. e4 Bb4 10. exd5 Bxc3 11. Qxc3 Qxc3 12. bxc3 exd5 13. Re1+ Be6 14.
Bxc4 O-O 15. Bb3 a5 16. a4 h6 17. Ne5 Rc8 18. Kb2 Ra6 19. Re3 Nc6 20. Nd3 b6
21. Nf4 Ra7 22. Nxe6 fxe6 23. Rxe6 Rac7 24. Rxc6 1-0

[Event "X Festival Magistrale"]
[Site "Robecchetto con Induno ITA"]
[Date "1997.06.28"]
[Round "4"]
[White "Fadali, Mustafa"]
[Black "Nurkic, Sahbaz"]
[Result "0-1"]
[WhiteElo "1918"]
[BlackElo "2395"]
[PlyCount "100"]
[EventDate "1997.06.26"]

1. Nf3 g6 2. d4 Bg7 3. e4 c6 4. h3 Nf6 5. Bd3 d6 6. O-O Qc7 7. Bf4 Nh5 8. Bh2
e5 9. Nbd2 O-O 10. dxe5 dxe5 11. Nc4 Nd7 12. a4 b6 13. Ra3 Bb7 14. a5 b5 15. a6
Bc8 16. Ne3 Re8 17. Qa1 Nf4 18. Rc3 Qb6 19. Ra3 Nc5 20. Rd1 Nxa6 21. Ng4 Nb4
22. Ngxe5 Nfxd3 23. Nxd3 Nxc2 24. Qa2 Be6 25. b3 Nxa3 26. Qxa3 Rad8 27. Bd6 Bf8
28. e5 Bxd6 29. exd6 c5 30. Nxc5 b4 31. Qc1 Rc8 32. d7 Bxd7 33. Rxd7 Qxc5 34.
Qg5 Rc7 35. Qxc5 Rxc5 36. Rxa7 Rc3 37. Rb7 Rxb3 38. Nd2 Rb2 39. Nc4 Re1+ 40.
Kh2 Rxf2 41. Kg3 Ree2 42. Ne3 Rxe3+ 43. Kxf2 Rb3 44. Ke2 h5 45. h4 Kg7 46. Rb6
Rb2+ 47. Kf3 b3 48. g3 Rb1 49. Kf4 b2 50. Kg5 Rg1 0-1

[Event "X Festival Magistrale"]
[Site "Robecchetto con Induno ITA"]
[Date "1997.06.28"]
[Round "4"]
[White "Jurkovic, Ante"]
[Black "Berra, Davide"]
[Result "1-0"]
[WhiteElo "2320"]
[BlackElo "1986"]
[PlyCount "87"]
[EventDate "1997.06.26"]

1. e4 e6 2. d4 d5 3. Nd2 Nf6 4. Bd3 c5 5. e5 Nfd7 6. c3 Nc6 7. Ne2 cxd4 8. cxd4
f5 9. Nf3 Bb4+ 10. Kf1 Be7 11. h4 Qb6 12. Rh3 Nf8 13. Nc3 Bd7 14. Na4 Qa5 15.
b3 Nb4 16. Bd2 Bb5 17. Ne1 Nxd3 18. Nxd3 Bxd3+ 19. Rxd3 Qb5 20. Bg5 Ng6 21. Kg1
Bxg5 22. hxg5 Nf4 23. Re3 h6 24. g6 h5 25. Nc5 Qb6 26. Rc1 Rh6 27. Rf3 Nxg6 28.
Rfc3 h4 29. Qd2 f4 30. Qe2 Kf7 31. Qg4 Re8 32. Nxb7 Re7 33. Nd6+ Kg8 34. Qd1
Qb4 35. Rc7 h3 36. Rxe7 Nxe7 37. gxh3 Ng6 38. Qd3 Ne7 39. Kh2 Rh5 40. Rg1 Nf5
41. Qf3 Rh6 42. Nxf5 exf5 43. Qxd5+ Kh8 44. Qf7 1-0

[Event "X Festival Magistrale"]
[Site "Robecchetto con Induno ITA"]
[Date "1997.06.28"]
[Round "4"]
[White "Orsi, Massimiliano"]
[Black "Castaldo, Folco"]
[Result "0-1"]
[WhiteElo "1948"]
[BlackElo "1987"]
[PlyCount "44"]
[EventDate "1997.06.26"]

1. e4 g6 2. d4 Bg7 3. Nf3 c6 4. c4 d5 5. cxd5 cxd5 6. e5 Bg4 7. Nc3 e6 8. Qa4+
Nc6 9. Bb5 Nge7 10. Bg5 O-O 11. Rc1 Bxf3 12. gxf3 Qb6 13. Bxe7 Nxe7 14. O-O Bh6
15. Rc2 Nf5 16. Rd1 Rac8 17. Bf1 Nh4 18. Rd3 Rc4 19. Qb3 Qxb3 20. axb3 Rxd4 21.
Re3 Bxe3 22. fxe3 Nxf3+ 0-1

[Event "X Festival Magistrale"]
[Site "Robecchetto con Induno ITA"]
[Date "1997.06.28"]
[Round "4"]
[White "Pace, Roberto"]
[Black "Colombo, Alberto"]
[Result "0-1"]
[WhiteElo "1887"]
[BlackElo "2100"]
[PlyCount "70"]
[EventDate "1997.06.26"]

1. e4 e6 2. d4 d5 3. e5 c5 4. dxc5 Bxc5 5. Bd3 Nc6 6. Nf3 Nge7 7. Bf4 Qb6 8.
O-O Ng6 9. Bg3 Qxb2 10. Nbd2 f5 11. exf6 Qxf6 12. c4 O-O 13. Nb3 Bb6 14. cxd5
exd5 15. a4 Bg4 16. Be2 a6 17. a5 Ba7 18. Nc5 Bxc5 19. Qxd5+ Qe6 20. Qxc5 Qxe2
21. Rfe1 Qb5 22. Qc3 Bxf3 23. gxf3 Qf5 24. Qb3+ Qf7 25. Qb6 Rae8 26. Rab1 Nce5
27. Rec1 Nxf3+ 28. Kh1 Nd2 29. Rb4 Qd5+ 30. Kg1 Nf3+ 31. Kf1 Nxh2+ 32. Kg1 Nf3+
33. Kf1 Qh5 34. Kg2 Ne1+ 35. Kg1 Qh3 0-1

[Event "X Festival Magistrale"]
[Site "Robecchetto con Induno ITA"]
[Date "1997.06.28"]
[Round "4"]
[White "Qendro, Llambi"]
[Black "Scotti, Umberto"]
[Result "1-0"]
[WhiteElo "2335"]
[BlackElo "2130"]
[PlyCount "45"]
[EventDate "1997.06.26"]

1. d4 d5 2. c4 c6 3. cxd5 cxd5 4. Nc3 Nf6 5. Nf3 Nc6 6. Bf4 e6 7. e3 Be7 8. Bd3
a6 9. O-O b5 10. Rc1 Bb7 11. Ne5 Rc8 12. Nxb5 Qb6 13. Nxc6 Bxc6 14. Nd6+ Bxd6
15. Bxd6 Kd7 16. Ba3 Bb5 17. Qb3 Rb8 18. Qb4 Rhe8 19. Bxb5+ axb5 20. Rc2 Ne4
21. Rfc1 Rb7 22. f3 Nd6 23. Rc6 1-0

[Event "X Festival Magistrale"]
[Site "Robecchetto con Induno ITA"]
[Date "1997.06.28"]
[Round "4"]
[White "Ranieri, Fabrizio"]
[Black "Sgnaolin, Davide"]
[Result "1/2-1/2"]
[WhiteElo "2125"]
[BlackElo "2065"]
[PlyCount "39"]
[EventDate "1997.06.26"]

1. e4 c5 2. Nf3 Nc6 3. d4 cxd4 4. Nxd4 g6 5. Nc3 Bg7 6. Be3 Nf6 7. Bc4 O-O 8.
O-O Nxe4 9. Nxe4 d5 10. Nxc6 bxc6 11. Bd3 dxe4 12. Bxe4 Qc7 13. Rb1 Ba6 14. Re1
f5 15. Bf3 Rad8 16. Qc1 e5 17. b4 Bc4 18. Be2 Qf7 19. Bxc4 Qxc4 20. Bxa7
1/2-1/2